| 000 | 01113nam a22002535i 4500 | ||
|---|---|---|---|
| 001 | 176906 | ||
| 003 | ES-MaACL | ||
| 005 | 20250807061406.0 | ||
| 008 | 110217s1965 sp |||| | spa d | ||
| 080 | _a94(460.411)"1514/1518"(093) | ||
| 110 | 1 |
_aTenerife. _bCabildo Insular. _96938 |
|
| 245 | 1 | 0 |
_aAcuerdos del Cabildo de Tenerife. _nIII, _p1514-1518 _b: con un apéndice de documentos sobre el gobierno de las Islas / _cedición y estudio de Elías Serra Ráfols y Leopoldo de la Rosa. |
| 260 |
_aSan Cristóbal de La Laguna, Isla de Tenerife : _b[Instituto de Estudios Canarios], _c1965. |
||
| 300 |
_aXXIII, 280 p. ; _c28 cm. |
||
| 490 | 1 |
_aFontes rerum Canarium : colección de textos y documentos para la historia de Canarias ; _v13 |
|
| 500 | _aÍndice. | ||
| 651 | 4 |
_aTenerife- _xHistoria- _vFuentes. _9145253 |
|
| 700 | 0 |
_aSerra Ràfols, Elías. _9105653 |
|
| 700 | 0 |
_aRosa Olivera, Leopoldo de la. _999618 |
|
| 710 | 2 |
_aInstituto de Estudios Canarios. _94891 |
|
| 830 | 0 | 0 |
_aFontes rerum Canariarum _v13 _9190299 |
| 852 |
_aES-MaACL _jE-14343 _xOlim P-648 |
||
| 999 |
_c176906 _d176906 |
||